ՀՀ Գիտությունների ազգային ակադեմիայի հիմնարար գիտական գրադարան  =   Fundamental Scientific Library of NAS RA

Международные торговые договоры / (Record no. 426217)

MARC details
000 -LEADER
fixed length control field 00702nam a2200229 ia4500
003 - CONTROL NUMBER IDENTIFIER
control field AM-YeHGA
040 ## - CATALOGING SOURCE
Original cataloging agency AM-YeHGA
090 ## - LOCALLY ASSIGNED LC-TYPE CALL NUMBER (OCLC); LOCAL CALL NUMBER (RLIN)
-- 428689
005 - DATE AND TIME OF LATEST TRANSACTION
control field 20250617155115.0
008 - FIXED-LENGTH DATA ELEMENTS--GENERAL INFORMATION
fixed length control field 100514s1922 ru |||| r|||||||||||rus||
041 0# - LANGUAGE CODE
Language code of text/sound track or separate title rus
100 1# - MAIN ENTRY--PERSONAL NAME
Personal name Кулишер, Иосиф Михайлович
245 10 - TITLE STATEMENT
Title Международные торговые договоры /
Statement of responsibility, etc. И. М. Кулишер;
260 ## - PUBLICATION, DISTRIBUTION, ETC.
Place of publication, distribution, etc. Петербург :
Name of publisher, distributor, etc. Право,
Date of publication, distribution, etc. 1922.
300 ## - PHYSICAL DESCRIPTION
Dimensions 24 см.
490 10 - SERIES STATEMENT
Series statement Экономика
Volume/sequential designation Вып. 5- 7
505 00 - FORMATTED CONTENTS NOTE
Miscellaneous information Ч. 1 (129 с. :)
505 00 - FORMATTED CONTENTS NOTE
Miscellaneous information Ч. 2 (131 с. :)
650 14 - SUBJECT ADDED ENTRY--TOPICAL TERM
Topical term or geographic name entry element Экономика
830 0# - SERIES ADDED ENTRY--UNIFORM TITLE
Uniform title Экономика
Volume/sequential designation Вып.5-7
942 ## - ADDED ENTRY ELEMENTS (KOHA)
Source of classification or shelving scheme Universal Decimal Classification
Koha item type Գրքեր / Books
Holdings
Withdrawn status Lost status Source of classification or shelving scheme Damaged status Not for loan Collection Home library Current library Date acquired Total checkouts Full call number Barcode Date last seen Price effective from Koha item type Public note
    Universal Decimal Classification     General Fundamental Scientific Library Fundamental Scientific Library 22/02/2019   РД II/43667 FL0553793 22/02/2019 22/02/2019 Գրքեր / Books 30 Days Load


ՀՀ ԳԱԱ հիմնարար գիտական գրադարան
ՀՀ,Երևան 0019
Մարշալ Բաղրամյան 24/6
հեռախոս:(374-10) 52-47-50
Հետադարձ կապ

All site content, except where otherwise noted, is licensed under a
Creative Commons License